000 00459nam a2200169 i 4500
001 147454
003 ES-MaACL
005 20230906202014.0
007 t|
008 071001s1963 sp ||||1| spa d
080 _a940.42(044)
245 0 4 _aLas Ășltimas cartas de Stalingrado.
260 _aBarcelona :
_bDestino,
_c[1963]
300 _a126 p. ;
_c18 cm.
650 _aBatalla de Stalingrado, 1942-1943.
_9176086
852 _aES-MaACL
_jC-23417
_bR.51970
999 _c147454
_d147454